| 000 | 00616nam a2200169 4500 | ||
|---|---|---|---|
| 005 | 20260311095145.0 | ||
| 008 | 170315b xxu||||| |||| 00| 0 eng d | ||
| 020 | _a9556130470 | ||
| 041 | _gENG | ||
| 082 |
_a930.1 _bINT |
||
| 100 |
_aWijesuriya,Gamini _94068 |
||
| 245 | _aArachaeological Heritage Management Supplement : The Restoration of Buddhist Monuments in Sri Lanka: The Case for an Arachaeological Heritage Management Strategy | ||
| 260 |
_acolombo: _bICOMOS, Central Cultural Fund Publication, _c1993. |
||
| 300 |
_aපිටු 150 _cසෙ.මී. 29 |
||
| 650 | 0 |
_aArchaeological _92881 |
|
| 942 |
_2ddc _cBK |
||
| 999 |
_c5711 _d5711 |
||